000 00826cam a2200277 i 4500
999 _c4851
_d4851
003 OSt
005 20220330060514.0
008 761101s1977 nyua b 001 0 eng
020 _a0689107439
040 _cDLC
050 0 0 _aRC672
_b.K48 1977
060 _aWG113 K44y
100 1 _aKezdi, P.
245 1 0 _aYou and your heart :
_bhow to take care of your heart for a long and healthy life /
_cPaul Kezdi.
250 _a1st ed.
260 _aNew York :
_bAtheneum,
_c1977.
300 _axxii, 245 p. :
_bill. ;
_c22 cm.
500 _aIncludes index.
504 _aBibliography: p. 227-229.
650 0 _aHeart
_xDiseases
_xPopular works.
650 0 _aHeart.
650 0 _aHeart
_xDiseases
_xPrevention.
650 2 _aCardiology
_xPopular works.
906 _a7
_bcbc
_corignew
_d1
_eocip
_f19
_gy-gencatlg
942 _2lcc
_cBK